Statistics for Random car logos

Click here to take the quiz!

General Stats

  • This quiz has been taken 140 times
  • The average score is 13 of 14

Answer Stats

Answer% Correct
Ford
99%
Toyota
99%
Honda
98%
Mercedes
98%
Tesla
98%
Mazda
96%
Lexus
95%
Ferrari
94%
Lamborghini
94%
Porsche
93%
Infiniti
84%
Mustang
82%
Corvette
81%
Acura
75%

Score Distribution

Percentile by Number Answered

Percent of People with Each Score

Your Score History

You have not taken this quiz